Whose Bright Idea was It?: (Record no. 5266)

MARC details
000 -LEADER
fixed length control field 00739pam a2200253 a 4500
001 - CONTROL NUMBER
control field 3839744
003 - CONTROL NUMBER IDENTIFIER
control field 20170131124356.0
005 - DATE AND TIME OF LATEST TRANSACTION
control field 20240606080953.0
008 - FIXED-LENGTH DATA ELEMENTS--GENERAL INFORMATION
fixed length control field 870320s1987 nyua b 001 0 eng
010 ## - LIBRARY OF CONGRESS CONTROL NUMBER
LC control number 87008880
020 ## - INTERNATIONAL STANDARD BOOK NUMBER
International Standard Book Number 0816017883 :
Terms of availability $35.00
040 ## - CATALOGING SOURCE
Original cataloging agency DLC
Transcribing agency DLC
Modifying agency DLC
050 00 - LIBRARY OF CONGRESS CALL NUMBER
Classification number T15
Item number .W718 1997
082 00 - DEWEY DECIMAL CLASSIFICATION NUMBER
Classification number 609
Edition information 19
100 1# - MAIN ENTRY--PERSONAL NAME
Personal name Verstraete Larry
245 14 - TITLE STATEMENT
Title Whose Bright Idea was It?:
Remainder of title true stories of invention
260 ## - PUBLICATION, DISTRIBUTION, ETC.
Place of publication, distribution, etc. New York, N.Y. :
Name of publisher, distributor, etc. Scholarstic,
Date of publication, distribution, etc. c1997.
300 ## - PHYSICAL DESCRIPTION
Extent 352 p. :
Other physical details ill. (some col.) ;
Dimensions 30 cm.
500 ## - GENERAL NOTE
General note Includes index.
504 ## - BIBLIOGRAPHY, ETC. NOTE
Bibliography, etc. note Bibliography: p. 342-344.
650 #0 - SUBJECT ADDED ENTRY--TOPICAL TERM
Topical term or geographic name entry element Technology
General subdivision History.
906 ## - LOCAL DATA ELEMENT F, LDF (RLIN)
a 7
b cbc
c orignew
d 1
e ocip
f 19
g y-gencatlg
942 ## - ADDED ENTRY ELEMENTS (KOHA)
Source of classification or shelving scheme Library of Congress Classification
Koha item type Books
Holdings
Withdrawn status Lost status Source of classification or shelving scheme Damaged status Not for loan Home library Current library Date acquired Total checkouts Full call number Barcode Date last seen Price effective from Koha item type
    Library of Congress Classification     Murang'a University of Technology Library Murang'a University of Technology Library 09/02/2017   T15 .W718 1997 005437 30/08/2024 09/02/2017 Books